Statistics for Jonathan's General Knowledge #9

Click here to take the quiz!

General Stats

  • This quiz has been taken 971 times
  • The average score is 9 of 20

Answer Stats

#HintAnswer% Correct
6At which museum can you find the Mona Lisa?Louvre
92%
14What is the name given to a month of fasting in Islam?Ramadan
79%
5What is the main religion practised in Thailand?Buddhism
78%
1Which Cluedo character was originally patented as Colonel Yellow?Colonel Mustard
78%
3Nitrous oxide is more commonly known as what?Laughing gas
73%
16In which city will you find the ABBA Museum?Stockholm
69%
12Singer Phil Collins gained fame as a member of which rock band?Genesis
64%
2'Il buono, il brutto, il cattivo' was the Italian title of which movie?The Good, the Bad and the Ugly
64%
20In which country was the singer Rihanna born?Barbados
59%
19In 2014, Microsoft purchased the Lumia mobile device from which company?Nokia
42%
11Who is the patron saint of Wales?David
36%
17Which common latin phrase means an 'unacceptable or unwelcome person'?Persona non grata
33%
13What is the largest city in Australia's Northern Territory?Darwin
32%
8As a decimal, what is 1/4 divided by 0.4?0.625
30%
4Which novelist was born Eric Arthur Blair in 1903?George Orwell
25%
15In 2015, what is the zodiac animal of China?Goat/Sheep
22%
18On which peninsula will you find the Douro river?Iberian
22%
7Which singer jointly purchased Myspace in 2011?Justin Timberlake
19%
10Which river forms much of the border between Washington and Oregon?Columbia
15%
9Gin and lime juice are the primary ingredients of which cocktail?Gimlet
10%

Score Distribution

Percentile by Number Answered

Percent of People with Each Score

Your Score History

You have not taken this quiz